Advanced accounts (Record no. 23090)
[ view plain ]
| 000 -LEADER | |
|---|---|
| fixed length control field | 00309nam a2200133Ia 4500 |
| 082 ## - DEWEY DECIMAL CLASSIFICATION NUMBER | |
| Classification number | 657.4 |
| Item number | SHU;1 |
| 100 ## - MAIN ENTRY--AUTHOR NAME | |
| Personal name | Grewal, T S |
| 245 #0 - TITLE STATEMENT | |
| Title | Advanced accounts |
| 250 ## - EDITION STATEMENT | |
| Edition statement | Ed.9 |
| 260 ## - PUBLICATION, DISTRIBUTION, ETC. (IMPRINT) | |
| Place of publication | New Delhi |
| Name of publisher | S Chand |
| Year of publication | 1978 |
| 700 ## - ADDED ENTRY--PERSONAL NAME | |
| Personal name | Shukla, M C |
| 942 ## - ADDED ENTRY ELEMENTS (KOHA) | |
| Koha item type | Books |
| Withdrawn status | Lost status | Damaged status | Not for loan | Home library | Current library | Date acquired | Full call number | Accession Number | Koha item type |
|---|---|---|---|---|---|---|---|---|---|
| RRII Library | RRII Library | 16/12/2021 | 657.4 SHU;1 | 03794 | Books |